Estadistícas de la educación 1981 establecimientos-alumnos-docentes

Gespeichert in:
Bibliographische Detailangaben
Format: Buch
Sprache:Spanisch
Veröffentlicht: Buenos Aires Ministerie de cultura y educacion 1981
Tags: Tag hinzufügen
Keine Tags, Fügen Sie das erste Tag hinzu!

MARC

LEADER 00000nam a2200000 4500
001 c126618
005 20041019155238.5
041 0 |a spa 
044 |a AR 
245 1 0 |a Estadistícas de la educación 1981  |b establecimientos-alumnos-docentes 
264 1 |a Buenos Aires  |b Ministerie de cultura y educacion  |c 1981 
300 |a 55 s.